000 00640nam a22002297a 4500
001 00028599
005 20260319152036.0
008 260319b ag ||||| |||| 00| 0 spa d
020 _a8448706676
040 _aAR-CcCEOS
_bspa
_cAR-CcCEOS
041 _aspa
080 _a820-3(62)
090 _bMAH
100 1 _aMaḥfūẓ, Najīb,
_d1911-2006
_9931
245 _aRhadopis /
_cNaguib Mahfuz
264 _aBarcelona :
_bEdhasa,
_cc1994.
300 _a253 p. ;
_c24x15 cm.
490 _vNovela histórica ; 29
655 0 _aliteratura
_919
_vnovela
942 _2udc
_cBK
_n0
999 _c28629
_d28629